000 00201nam a2200085 4500
001 1254907
005 20251128141422.0
245 _aHAYVANLAR DÜNYASI
_cPOPÜLER BİLİM KİTAPLARI
260 _bİLETİŞİM
999 _c1254907
_d1254907